Φυσιολογία της άσκησης και του αθλητισμού (Record no. 8299)
[ view plain ]
| 000 -LEADER | |
|---|---|
| fixed length control field | 01805cam a22002054a 4500 |
| 005 - ΗΜΕΡΟΜΗΝΙΑ ΚΑΙ ΩΡΑ ΤΕΛΕΥΤΑΙΑΣ ΕΝΗΜΕΡΩΣΗΣ | |
| Πεδίο ελέγχου | 20250605164332.0 |
| 008 - FIXED-LENGTH DATA ELEMENTS--GENERAL INFORMATION | |
| Πεδίο ελέγχου σταθερού μήκους | 250528s ||||||||||||||||||||||||d |
| 035 ## - SYSTEM CONTROL NUMBER | |
| System control number | 23270 |
| 020 ## - ISBN | |
| ISBN | 9603994170 |
| 040 ## - ΠΗΓΗ ΚΑΤΑΛΟΓΟΓΡΑΦΗΣΗΣ | |
| Φορέας πρωτότυπης καταλογογράφησης | MC Athens Campus Library |
| Γλώσσα καταλογογράφησης | Ελληνικά, Μοντέρνα (1453-) |
| Modifying agency | MC Athens Campus Library |
| Κανόνες περιγραφικής καταλογογράφησης | AACR2 |
| 245 1# - ΤΙΤΛΟΣ ΚΑΙ ΔΗΛΩΣΗ ΥΠΕΥΘΥΝΟΤΗΤΑΣ | |
| Τίτλος | Φυσιολογία της άσκησης και του αθλητισμού |
| 260 ## - PUBLICATION, DISTRIBUTION, ETC. | |
| Name of publisher, distributor, etc. | Π.Χ Πασχαλίδης, |
| Date of publication, distribution, etc. | 2006 |
| 300 ## - PHYSICAL DESCRIPTION | |
| Extent | 734 |
| 520 ## - SUMMARY, ETC. | |
| Summary, etc. | Οι Μύες και η Λειτουργία τους, Νευρολογικός Έλεγχος της Κίνησης, Νευρομυικές Προσαρμογές με την Προπόνηση Αντιστάσεων, Μεταβολισμός και Βασικά Ενεργειακά Συστήματα, Άσκηση και Ορμονική Ρύθμιση, Προπόνηση και Μεταβολικές Προσαρμογές, Καρδιαγγειακός Έλεγχος κατά τη Διάρκεια της Άσκησης, Ρύθμιση της Αναπνοής Κατά τη Διάρκεια της Άσκησης, Προσαρμογή του Καρδιαγγειακού και Αναπνευστικού Συστήματος με την Προπόνηση, Άσκηση σε θερμό και Ψυχρό Περιβάλλον: θερμορύθμιση, Άσκηση σε Υποβαρικό Περιβάλλον, Υπερβαρικό Περιβάλλον και Περιβάλλον Μικροβαρύτητας, Αθλητική Προπόνηση, Διατροφή και Αθλητισμός, Σωματικό Βάρος, Σύσταση Σώματος και Αθλητισμός, Εργογόνα Βοηθήματα και Αθλητισμός |
| 700 1# - ΠΡΟΣΘΕΤΗ ΑΝΑΓΡΑΦΗ--ΦΥΣΙΚΟ ΠΡΟΣΩΠΟ | |
| Personal name | Costill David L |
| 9 (RLIN) | 8856 |
| 700 1# - ΠΡΟΣΘΕΤΗ ΑΝΑΓΡΑΦΗ--ΦΥΣΙΚΟ ΠΡΟΣΩΠΟ | |
| Personal name | Jack.H. Wilmore |
| 9 (RLIN) | 8867 |
| 942 ## - ADDED ENTRY ELEMENTS (KOHA) | |
| Koha item type | Books |
| Τύπος τεκμηρίου | Βιβλιοθήκη | Τρέχουσα τοποθεσία | Barcode | Αριθμός εισαγωγής | Ημερομηνία απόκτησης | Ταξιθετικό σύμβολο | Αριθμός αντιτύπου | Κατάσταση απόσυρσης | Κατάσταση χαμένου | Κατάσταση κατεστραμμένου | Μη δανεισμός | Σύνολο δανεισμών | Ημερομηνία τελευταίας εμφάνισης | Η τιμή ισχύει από |
|---|---|---|---|---|---|---|---|---|---|---|---|---|---|---|
| Books | MC Thessaloniki Campus Library | MC Thessaloniki Campus Library | 9780000082985 | 2533 | 05/06/2025 | 612 WIL | 1 | 05/06/2025 | 05/06/2025 |